00370 a2200109 4500001001000000005001700010008004100027245007500068100002400143773007600167999001700243ART_5692920260410162016.0260409a 10aRepasando y repensando el empleo público. Diagnóstico y desafíos1 aRoitman, Facundo J.0 tTemas de derecho administrativog- Año 7, N° 9 (sep. 2022)wREV40468 c32631d32631